000 01122nam a22001817a 4500
003 IT-RoPau
005 20220918181105.0
008 130508b xxu||||| |||| 00| 0 eng d
040 _cIT-RoPau
100 _aCentro di Spiritualità Paolina
_9518
245 _aSan Paolo e la Famiglia Paolina
_bnello spirito di don Giacomo Alberione
250 _a1° ed
260 _aAriccia (Roma)
_bCentro Spirituale Paolina - Casa Divino Maestro
_c1973
300 _a98 pp.
_c28 cm
490 _vII° Vol - Settembre 1973
_aPunti di riferimento della nostra vita spirituale
520 _aIndice Introduzione - Paolini consapevolmente - Fonti e Sigle Capitolo primo: - Lo spirito paolino secondo: - La scelta terzo: - Conoscenza dell'Apostolo Paolo quarto: - San Paolo, oggi, nella Famiglia Paolina quinto: - I nostri impegni con San Paolo: 1° conoscerlo sesto: - I nostri impegni con San Paolo: 2° imitarlo settimo: - I nostri impegni con San Paolo: 3° pregarlo ottavo: - Dialogo confidenziale su san Paolo e lo spirito paolino nono: - Appuntamenti paolini nell' epistolario di Don Alberione Conclusione
942 _2ddc
_cBK
999 _c98503
_d98503